000 00780nas a2200241Ia 4500
001 R452/51888
003 IT-RoPAU
008 151124c99999999xx |||||||||||| ||und||
040 _aIT-RoPAU
040 _cIT-RoPAU
041 _aITALIANO
100 _aMessori Vittorio
_gCodice Aut. SPICS: 3823
210 _aVITA PASTORALE
222 _aVita Pastorale
245 _aVITA PASTORALE, ANNO 75-N.04 (APRILE 1987)
_bVecchi E Giovani In Una Comunita' Umana
250 _a1a ed.
260 _aMILANO
_bSOCIETA' S. PAOLO GRUPPO PERIOD.
_c1987
501 _bPaulus - SPICS - Società San Paolo EM (non-commercial uses only)
_cCopyright2015
300 _a1 p. [115-115]
362 _aANNO 075, N.04 (APRILE 1987)
650 _aPASTORALE
_vPUBBLICAZIONE PERIODICA
942 _cCR
999 _c177458
_d177458